000 00682nab a2200193 4500
001 244442
003 OSt
005 20231011082956.0
007 tu
008 200917s2020|||||||
040 _aDE-2950
_cDE-2950
245 0 0 _aNeuer Beirat soll die Stadtentwicklung ankurbeln
_bPolitik. Frankfurt ringt um ein neues Projekt für die Brache in der Slubicer Straße. Welche Instrumente dabei helfen sollen/
_cPhilipp Stepputtis, Thomas Gutke
264 _c2023
653 _aFrankfurt (Oder)
653 _aSlubicer Straße
653 _aKommunaler Entwicklungsbeirat
773 0 _g34. Jahrgang (2023) Nr. 233 vom 06.10.2023, S. 13, mit Foto
_tMärkische Oderzeitung
942 _2z
_cA
999 _c372759
_d372759